Music Quiz

Random Music or Song Quiz

Songs on Thriller Quiz Stats

 Plays Quiz Updated Feb 15, 2019

Support Sporcle.
Go Orange.
Score 0/9 Timer 02:00
12 Plays Today
Side % Correct
Side 1Thriller
98.8%
Side 2Billie Jean
86.2%
Side 2Beat It
77.7%
Side 2P.Y.T (Pretty Young Thing)
52%
Side 1The Girl Is Mine
41.8%
Side 1Wanna Be Startin' Somethin'
37%
Side 2Human Nature
35.4%
Side 1Baby Be Mine
20.9%
Side 2The Lady in My Life
20%

From the Vault

Doctored Literature

by NJSB

We're not sure that many of these characters are actually licensed physicians.
Remove Ads.
Support Sporcle.
Get the best of Sporcle when you Go Orange. This ad-free experience offers more features, more stats, and more fun while also helping to support Sporcle. Thank you for becoming a member.

Show Comments

Extras

Top Quizzes Today


Score Distribution

Your Account Isn't Verified!

In order to create a playlist on Sporcle, you need to verify the email address you used during registration. Go to your Sporcle Settings to finish the process.

Report this User

Report this user for behavior that violates our Community Guidelines.

Details: